000 00645nam a22002297i 4500
003 DO-SdBNP
005 20230814115622.0
007 ta
008 230426b2022 dr ||||| |||| 00| 0 spa d
020 _a9789945809329
040 _aDO-SdBNP
_bspa
_cBNPHU
_erda
082 _bC873
_222
245 _aCovid-19 y su impacto en la educación rural dominicana
264 _aSanto Domingo :
_bFuerza del Pueblo,,
_c2022
300 _a59 paginas ;
_c24 cm
336 _2rdacontent
_atexto
_btxt
337 _2rdamedia
_asin mediación
_bn
338 _2rdacarrier
_avolumen
_bnc
590 _aInventariado, 2023 / DG
910 _aDG
942 _2ddc
_cLBS1
999 _c53674
_d53674